Sai Papineni Amaravati thropugh ages: (Record no. 175721)

MARC details
000 -LEADER
fixed length control field 00556nam a22001697a 4500
005 - DATE AND TIME OF LATEST TRANSACTION
control field 20200923105335.0
010 ## - LCCN (DPL NO)
LC control number ENG-128450
020 ## - INTERNATIONAL STANDARD BOOK NUMBER
Terms of availability 300.00
International Standard Book Number 9788193731635
035 ## - SYSTEM CONTROL NUMBER
System control number EN-111982
037 ## - SOURCE OF ACQUISITION
Source of stock number/acquisition DBAD/PUB
082 ## - DEWEY DECIMAL CLASSIFICATION NUMBER
Classification number 954.35
245 ## - TITLE STATEMENT
Title Sai Papineni Amaravati thropugh ages:
Remainder of title As told by the waves of Kistna
260 ## - PUBLICATION, DISTRIBUTION, ETC. (IMPRINT)
Place of publication, distribution, etc Vijaywada
Name of publisher, distributor, etc Sahithi Emesco
Date of publication, distribution, etc 2019
270 ## - ADDRESS
Address 33-22-2, Chandram Buildings, C.R.Road, Chuttungunta
City Vijaywada
Postal code 520004
Telephone number 8121088500
300 ## - PHYSICAL DESCRIPTION
Extent 126p.
Dimensions 20cm(pbk)
Other physical details Maps
942 ## - ADDED ENTRY ELEMENTS (KOHA)
Source of classification or shelving scheme Dewey Decimal Classification
Item type English Books
Classification part 954.35
Call number suffix SAI
Holdings
Withdrawn status Lost status Not for loan Collection code Home library Current library Date acquired Source of acquisition Cost, normal purchase price Full call number Barcode Cost, replacement price Koha item type
      Non-fiction Ashok Vihar Ashok Vihar 23/09/2020 DBAD/PUB 300.00 954.35 SAI EN-111982 300.00 English Books

© Delhi Public Library
Hit Counter
free hit counter